Statistics for Click the Stanley Kubrick Film of the Quote

Click here to take the quiz!

General Stats

  • This quiz has been taken 29 times
    (27 since last reset)
  • The average score is 14 of 23

Answer Stats

HintAnswer% Correct
Open the pod bay doors, HAL.2001: A Space Odyssey
100%
Heeeeere's Johnny!The Shining
100%
If you ladies leave my island, if you survive recruit training, you will be a weapon. You will be a minister of death praying for war.Full Metal Jacket
96%
This is my rifle. There are many others like it, but this one is mine. My rifle is my best friend. It is my life.Full Metal Jacket
96%
I'm afraid. I'm afraid, Dave. Dave, My mind Is going. I can feel it. I can feel it. My mind is going. There is no question about it.2001: A Space Odyssey
92%
Gentleman, you can't fight in here. It's the war room!Dr. Strangelove
92%
Mr. President, I'm not saying we wouldn't get our hair mussed. But I do say no more than 10 to 20 million killed tops...depending on the breaks.Dr. Strangelove
88%
Your rifle is only a tool. It is a hard heart that kills.Full Metal Jacket
88%
Hello, Danny. Come play with us. Come play with us, Danny. Forever...and ever...and ever.The Shining
84%
We were all feeling a bit shagged, f*****, and fashed, it having been an evening of small energy expenditure of my brothers.A Clockwork Orange
76%
It's incredibly obvious, isn't it? A foreign substance is introduced into our precious bodily fluids, without the knowledge of the individual, certainly without any choice. That's the way your hard-core Commie works.Dr. Strangelove
76%
I looked and looked at her, and I knew, as clearly as I know I would die, that I loved her more than anything I had ever seen or imagined on earth.Lolita
68%
It's funny how the colors of the real world only seem really real when you viddy them on the screen.A Clockwork Orange
64%
No lad who has liberty for the first time, and twenty guineas in his pocket, is very sad...Barry Lyndon
64%
And no dream is ever just a dream.Eyes Wide Shut
52%
Goodness is something to be chosen. When a man cannot choose, he ceases to be man.A Clockwork Orange
28%
Life goes on. It always does, until it doesn't.Eyes Wide Shut
28%
The dead know only one thing: It's better to be alive.Full Metal Jacket
28%
There are few things more fundamentally encouraging and stimulating than seeing someone else die.Paths of Glory
28%
Corpulence makes a man reasonable, pleasant and phlegmatic. Have you noticed the nastiest of tyrants are invariably thin?Spartacus
24%
Maybe there's no peace in this world, for us or for anyone else. I don't know. But I do know that as long as we live, we must stay true to ourselves.Spartacus
20%
The question is does God believe in me?Lolita
16%
A good body with a dull brain is as cheap as life itself.Spartacus
12%

Score Distribution

Percentile by Number Answered

Percent of People with Each Score

Your Score History

You have not taken this quiz since the last reset